000 00508nam a2200169Ia 4500
008 090201s9999 xx 000 0 und d
010 _aKPL-33062
040 _bमराठी
041 _aमराठी
082 _a40327
_b33062
100 _aवसंत नरहर फेणे
245 _aअ-जोड
_cवसंत नरहर फेणे
260 _c2004
_bदिनपुष्प प्रकाशन
300 _a208
_bमोठा
600 _aअ-जोड
942 _cBOOK
999 _c237586
_d237586